Výroba štočků rychloleptáním /

Hlavní autor: Richter, František
Jazyk: Čeština
Vydáno: Praha : Státní nakladatelství technické literatury, 1964
Vydání: 1. vyd.
Externí odkaz: Digitalizovaný dokument
Fyzický popis: 117 s.
Knihy
Uloženo v:
LEADER 00938nam a22002652a 4500
001 000958455
003 CZ BrMZK
005 20091130124114.0
007 ta
008 090728s1964 xr er|||||||||||cze d
015 |a cnb000477708 
035 |a (OCoLC)42128631 
040 |a BOA001  |b cze 
100 1 |a Richter, František  |7 jx20050530016  |4 aut 
245 1 0 |a Výroba štočků rychloleptáním /  |c František Richter 
250 |a 1. vyd. 
260 |a Praha :  |b Státní nakladatelství technické literatury,  |c 1964 
300 |a 117 s. 
504 |a Obsahuje bibliografii 
500 |a Dostupné též v digitální podobě v aplikaci Kramerius 
856 4 1 |u http://www.digitalniknihovna.cz/mzk/uuid/uuid:ea740c60-d466-11ed-b5f9-005056827e51  |y Digitalizovaný dokument  |x NDK 
910 |a BOA001  |b 1-0514.825 
990 |a BK 
991 |b 200907 
996 6 |b 2619366052  |c 1-0514.825  |l MZK  |r Sklad / do 1 hodiny  |n 1  |w 001090841  |u 000010  |a 1  |e BOA001  |j MZK50  |s P